00321nam a2200121Ia 4500008004100000041000800041082001200049100001800061245004300079250001400122260003300136300003000169240624s9999 xx 000 0 und d aeng a004 TUR aTURBAN EFRAIM aINTRODUCTION TO INFORMATION TECHNOLOGY a(2nd ed.) c2007aNew DelhibWiley India axv, : 526 : p. : cm. ; 23